Subordinate territories - Statistics

General Stats
  • This quiz has been taken 8 times
    3 since last reset
  • The average score is 32 of 103
Answer Stats
Capital Country % Correct
London England
100%
Edinburgh Scotland
100%
Cardiff Wales
100%
Mariehamn Åland
50%
Pago Pago / Fagatogo American Samoa
50%
The Valley Anguilla
50%
Aosta Aosta Valley
50%
Oranjestad Aruba/ Sint Eustatius
50%
Saint Helier Bailiwick of Jersey
50%
Vitoria-Gasteiz Basque Country
50%
Munich Bavaria
50%
Hamilton Bermuda
50%
Barcelona Catalonia
50%
George Town Cayman Islands
50%
Flying Fish Cove Christmas Island
50%
Willemstad Curaçao
50%
Hanga Roa Easter Island
50%
Stanley Falkland Islands
50%
Tórshavn Faroe Islands
50%
Cayenne French Guiana
50%
Papeete French Polynesia
50%
Trieste Friuli Venezia Giulia
50%
Gibraltar Gibraltar
50%
Nuuk Greenland
50%
Hagåtña Guam
50%
Honolulu Hawaii
50%
Saporro Hokkaido
50%
Hong Kong Hong Kong
50%
Douglas Isle of Man
50%
Petrozavodsk Karelia
50%
Erbil / Kirkuk Kurdistan
50%
Macao Macau / Macao
50%
Fort-de-France Martinique
50%
Mamoudzou Mayotte
50%
Nouméa New Caledonia
50%
Alofi Niue
50%
Nicosia Northern Cyprus
50%
Belfast Northern Ireland
50%
Capitol Hill / Saipan Northern Mariana Islands
50%
Toulouse Occitania
50%
Naha Okinawa
50%
Ramallah Palestine
50%
Adamstown Pitcairn Islands
50%
San Juan Puerto Rico
50%
Saint Denis Réunion
50%
El Aaiún Sahrawi Arab Democratic Republic
50%
Yakutsk Sakha (Yakutia)
50%
Cagliari Sardinia
50%
Palermo Sicily
50%
Hargeisa Somaliland
50%
Longyearbyen Svalbard
50%
Kazan Tatarstan
50%
Lhasa Tibet Autonomous Region
50%
Tiraspol Transnistria
50%
Trento Trentino-Alto Adige/Südtirol
50%
Edinburgh of the Seven Seas Tristan da Cunha
50%
Grand Turk / Cockburn Town Turks and Caicos Islands
50%
Charlotte Amalie U.S. Virgin Islands
50%
Novi Sad Vojvodina
50%
Ürümqi / Dihua Xinjiang
50%
Zanzibar Zanzibar
50%
Sukhumi Abkhazia
0%
Batumi Adjara
0%
Maykop Adygea
0%
Gorno-Altaysk Altai
0%
Georgetown Ascension
0%
Saint Peter Port Bailiwick of Guernsey
0%
Ufa Bashkortostan
0%
Kralendijk Bonaire
0%
Diego Garcia British Indian Ocean Territory
0%
Road Town British Virgin Islands
0%
Ulan-Ude Buryatia
0%
Grozny Chechnya
0%
Cheboksary Chuvashia
0%
West Island Cocos (Keeling) Islands
0%
Avarua Cook Islands
0%
Makhachkala Dagestan
0%
Saint Pierre French Southern and Antarctic Lands
0%
Comrat Gagauzia
0%
Khorog Gorno-Badakhshan
0%
Basse-Terre Guadeloupe
0%
Magas Ingushetia
0%
Nalchik Kabardino-Balkaria
0%
Elista Kalmykia
0%
Cherkessk Karachay-Cherkessia
0%
Nukus Karakalpakstan
0%
Abakan Khakassia
0%
Syktyvkar Komi
0%
Yoshkar-Ola Mari El
0%
Saransk Mordovia
0%
Kingston Norfolk Island
0%
Vladikavkaz North Ossetia–Alania
0%
The Bottom Saba
0%
Gustavia Saint-Barthélemy
0%
Jamestown Saint Helena
0%
Marigot Saint-Martin
0%
Saint-Pierre Saint-Pierre and Miquelon
0%
Philipsburg Sint Maarten
0%
Tskhinvali South Ossetia
0%
Atafu Tokelau
0%
Kyzyl Tuva
0%
Izhevsk Udmurtia
0%
Mata-Utu Wallis and Futuna
0%
No matching quizzes found
Score Distribution
Percent of People with Each Score
Percentile by Number Answered
Your Score History
You have not taken this quiz since the last reset